| 000 | 01875nam a2200373 i 4500 | ||
|---|---|---|---|
| 003 | EG-GICUC | ||
| 005 | 20260416144850.0 | ||
| 008 | 260306s1998 ua ||||fr|||| 00| 0 ara d | ||
| 017 | _a89/2482 | ||
| 017 | _a98/13887 | ||
| 020 | _a9770404594 ; | ||
| 020 | _a9771971166 | ||
| 040 |
_a EG-GICUC _bara _c EG-GICUC _d EG-GICUC _erda |
||
| 041 | _aara | ||
| 082 | 0 | 4 |
_221 _a343.303 _bع ب . م |
| 092 | 0 | 4 | _221 |
| 099 | _aLaw1 10 343.303 ع ب . م 1998 | ||
| 100 | 0 |
_aعبد الرحيم صدقى _eمؤلف. |
|
| 245 | 1 | 0 |
_aموسوعة صدقى فى القانون الجنائى : _bالقانون الجنائي والتاريخ والفلسفة. _cتأليف دكتور عبد الرحيم صدقى.. _nالمجلد الخامس، _nالمجلد السادس، _pالقانون الجنائى عند الفراعنة، _p فلسفة القانون الجنائى / |
| 264 | 3 |
_aالقاهرة : _bمؤسسة الوفاء للطباعة، _c1989. |
|
| 300 |
_aمجلد : _c24 سم. |
||
| 336 |
_2rda content _atext |
||
| 337 |
_2rda media _aComputer |
||
| 338 |
_2rda carrier _aOnline Resource |
||
| 490 |
_aموسوعة صدقى فى القانون الجنائى ; _vالمجلد الخامس، _vالمجلد السادس |
||
| 504 | _aيشتمل على إرجاعات ببليوجرافية. | ||
| 505 | _aمج.5و6 ،يشتمل القانون الجنائي والتاريخ والفلسفة.، ،المجلد الخامس القانون الجنائى عند الفراعنة ، المجلد السادس فلسفة القانون الجنائى . | ||
| 546 | _aالنص باللغة العربية | ||
| 650 | 1 | _aالقانون الجنائي | |
| 650 | 1 |
_a قانون الإجراءات الجنائية _xموسوعات / معاجم |
|
| 856 | 4 | 0 | _uhttps://fll.law.cu.edu.eg/fulltext/bks/B10-08711.pdf |
| 905 |
_a43 _eYara |
||
| 942 |
_2ddc _n0 _cBK _e21 |
||
| 999 |
_c65229 _d65229 |
||